[Event "C.to Regionale Liguria"]
[Site "Spotorno ITA"]
[Date "2016.05.13"]
[Round "1"]
[White "Agazzi, Marco"]
[Black "Mercandelli, Claudio"]
[WhiteElo "1678"]
[BlackElo "1910"]
[Result "1/2-1/2"]
[PlyCount "103"]
[EventDate "2016.05.13"]

1. Nf3 Nf6 2. d4 g6 3. c4 Bg7 4. Nc3 O-O 5. Bf4 d6 6. e3 Nbd7 7. Be2 c5 8. d5
a6 9. h3 Ne8 10. Qc1 Nc7 11. e4 b5 12. O-O bxc4 13. Bxc4 Nb6 14. Be2 Re8 15.
Bh6 Bh8 16. Re1 Bb7 17. a4 e6 18. a5 Nd7 19. Bc4 e5 20. Qd2 Bg7 21. Bg5 f6 22.
Bh4 Qe7 23. Bg3 Qf8 24. Qc2 Bh6 25. Qa4 Qe7 26. Qc2 Rac8 27. Qd3 Kh8 28. Qe2
Bf4 29. Bh2 Bxh2+ 30. Nxh2 Rg8 31. Nf1 Qg7 32. f3 Qh6 33. Ne3 Rcf8 34. Ng4 Qg5
35. Qe3 h5 36. Qxg5 fxg5 37. Ne3 Rf4 38. Bf1 Rff8 39. Ne2 Rf7 40. Nc4 Ne8 41.
Ra3 Kg7 42. Rb3 Bc8 43. Nb6 Nxb6 44. Rxb6 Rb7 45. Rxb7+ Bxb7 46. Nc3 Nf6 47.
Rb1 Rb8 48. Bd3 Bc8 49. b3 Kf7 50. Ne2 Nd7 51. Nc3 Ke7 52. Kf2 1/2-1/2

[Event "C.to Regionale Liguria"]
[Site "Spotorno ITA"]
[Date "2016.05.13"]
[Round "1"]
[White "Atteo, Domenico"]
[Black "Delucis, Gabriele"]
[WhiteElo "1799"]
[BlackElo "1440"]
[Result "1-0"]
[PlyCount "60"]
[EventDate "2016.05.13"]

1. e4 e6 2. d4 d5 3. Nc3 dxe4 4. Nxe4 Nc6 5. Bb5 Bd7 6. c3 Be7 7. Nf3 Nf6 8.
Bd3 O-O 9. O-O Bc8 10. Qe2 b6 11. Nxf6+ Bxf6 12. Qe4 g6 13. Qxc6 Rb8 14. Qe4
Bb7 15. Qf4 Bg7 16. Be4 a5 17. Bxb7 Rxb7 18. Qh4 Qxh4 19. Nxh4 Rd8 20. Nf3 Rdb8
21. Bf4 Rc8 22. Rad1 c6 23. Rfe1 b5 24. Be5 Bxe5 25. Nxe5 a4 26. b3 axb3 27.
axb3 Rb6 28. b4 Ra8 29. Ra1 Rbb8 30. Rxa8 Rxa8 1-0

[Event "C.to Regionale Liguria"]
[Site "Spotorno ITA"]
[Date "2016.05.13"]
[Round "1"]
[White "Benvenuti, Cristian"]
[Black "Monticone, Sonia"]
[WhiteElo "1696"]
[BlackElo "1940"]
[Result "0-1"]
[PlyCount "44"]
[EventDate "2016.05.13"]

1. e4 c5 2. d4 cxd4 3. c3 Nf6 4. e5 Nd5 5. cxd4 e6 6. Nf3 d6 7. a3 Nc6 8. Nbd2
dxe5 9. dxe5 Qc7 10. Bb5 Bd7 11. Bxc6 Bxc6 12. O-O Be7 13. Ne4 O-O 14. Bg5 Bxg5
15. Nexg5 h6 16. Ne4 Rad8 17. Nd6 f6 18. Qe2 fxe5 19. Nc4 Nf4 20. Qxe5 Qf7 21.
Nd6 Qg6 22. Nh4 Qg4 0-1

[Event "C.to Regionale Liguria"]
[Site "Spotorno ITA"]
[Date "2016.05.13"]
[Round "1"]
[White "Biancotti, Alessandro"]
[Black "De Renzi, Giuseppe"]
[WhiteElo "1864"]
[BlackElo "1523"]
[Result "1-0"]
[PlyCount "131"]
[EventDate "2016.05.13"]

1. e4 d6 2. d4 Nf6 3. Nc3 g6 4. Be2 c5 5. d5 Bg7 6. Bf4 Qa5 7. Qd2 O-O 8. h4 h5
9. f3 a6 10. Nh3 b5 11. Nf2 b4 12. Ncd1 Bd7 13. Ne3 Bb5 14. Nc4 Bxc4 15. Bxc4
Nfd7 16. Bh6 Bxb2 17. O-O Bc3 18. Qe2 Bxa1 19. Bxf8 Kxf8 20. Rxa1 Ne5 21. Bb3
Nbd7 22. f4 c4 23. Bxc4 Nxc4 24. Qxc4 Qc5 25. Qe2 Nf6 26. Kh1 Qc3 27. Qe1 Rc8
28. Qxc3 Rxc3 29. Nd3 a5 30. f5 Nxe4 31. fxg6 fxg6 32. Nf4 Rxc2 33. Nxg6+ Ke8
34. Re1 Re2 35. Rc1 Nc3 36. Nf4 Re5 37. a3 Nxd5 38. Nxd5 Rxd5 39. axb4 axb4 40.
Rc8+ Kd7 41. Rb8 e5 42. Rxb4 Ke6 43. g3 Rd4 44. Rb8 e4 45. Kg2 Rd2+ 46. Kf1 d5
47. Ke1 Rd3 48. Kf2 Rf3+ 49. Kg2 Rf5 50. g4 hxg4 51. Kg3 Ke5 52. Kxg4 Rf1 53.
h5 e3 54. h6 d4 55. h7 Rg1+ 56. Kf3 Rf1+ 57. Ke2 Rf2+ 58. Ke1 Rh2 59. h8=Q+
Rxh8 60. Rxh8 d3 61. Re8+ Kf4 62. Rd8 Ke4 63. Rd7 d2+ 64. Ke2 Kf4 65. Rd4+ Ke5
66. Kxe3 1-0

[Event "C.to Regionale Liguria"]
[Site "Spotorno ITA"]
[Date "2016.05.13"]
[Round "1"]
[White "Bottini, Claudio"]
[Black "Nikolajevic, Tihomir"]
[WhiteElo "1493"]
[BlackElo "1838"]
[Result "0-1"]
[PlyCount "52"]
[EventDate "2016.05.13"]

1. e4 c5 2. Nc3 Nc6 3. f4 e6 4. Nf3 g6 5. Bc4 Bg7 6. d3 a6 7. O-O Nge7 8. Qe1
O-O 9. Qh4 b5 10. Bb3 d5 11. exd5 exd5 12. a3 c4 13. dxc4 dxc4 14. Ba2 Qb6+ 15.
Kh1 Nf5 16. Qf2 Qxf2 17. Rxf2 Ncd4 18. Bb1 Bb7 19. Nxd4 Bxd4 20. Re2 Rfe8 21.
Rxe8+ Rxe8 22. Bd2 Nh4 23. h3 Nxg2 24. Kh2 Ne1 25. Bxe1 Rxe1 26. a4 Bf2 0-1

[Event "C.to Regionale Liguria"]
[Site "Spotorno ITA"]
[Date "2016.05.13"]
[Round "1"]
[White "Brioschi, Camillo"]
[Black "Tardito, Pierluigi"]
[WhiteElo "1834"]
[BlackElo "1493"]
[Result "1-0"]
[PlyCount "97"]
[EventDate "2016.05.13"]

1. d4 g6 2. c4 d6 3. Nc3 Bg7 4. e4 Nc6 5. Be3 f5 6. Nf3 e5 7. dxe5 Nxe5 8. Nxe5
Bxe5 9. Qd2 Qf6 10. Bg5 Qg7 11. exf5 Bxf5 12. Bd3 Bd7 13. O-O Nf6 14. Rae1
O-O-O 15. Bf4 Bd4 16. Be3 Bb6 17. b4 Kb8 18. a4 Bxe3 19. Rxe3 Rhe8 20. Rfe1
Rxe3 21. Rxe3 Ng4 22. Re2 Bxa4 23. Nxa4 Qa1+ 24. Re1 Qxa4 25. Qf4 Re8 26. Rxe8+
Qxe8 27. Qxg4 Qe1+ 28. Bf1 a6 29. c5 dxc5 30. bxc5 c6 31. g3 Qe7 32. Qb4 Ka7
33. Qa5 Qd7 34. h3 Qd5 35. Qb6+ Ka8 36. Qb4 Ka7 37. Qc4 Ka8 38. Qxd5 cxd5 39.
Kg2 a5 40. Bb5 Ka7 41. Kf3 Kb8 42. Ke3 b6 43. Kd4 bxc5+ 44. Kxc5 d4 45. Kxd4
Kc7 46. f4 Kd6 47. g4 Ke6 48. Ke4 h5 49. gxh5 1-0

[Event "C.to Regionale Liguria"]
[Site "Spotorno ITA"]
[Date "2016.05.13"]
[Round "1"]
[White "Cirabisi, Federico"]
[Black "Grasso, Gabriele"]
[WhiteElo "2034"]
[BlackElo "1720"]
[Result "1-0"]
[PlyCount "59"]
[EventDate "2016.05.13"]

1. f4 d5 2. Nf3 Nf6 3. e3 g6 4. b3 Bg7 5. Bb2 O-O 6. d3 c5 7. Ne5 Nbd7 8. Be2
Qc7 9. Nd2 b6 10. O-O Bb7 11. Qe1 Rac8 12. Qh4 d4 13. Nxd7 Nxd7 14. e4 e6 15.
Rf3 Rfe8 16. Rh3 Nf8 17. e5 Qe7 18. Qf2 b5 19. Bf3 Bxf3 20. Qxf3 Red8 21. g4
Qd7 22. g5 Qd5 23. Qg3 a5 24. Qh4 c4 25. Ne4 cxd3 26. Nf6+ Bxf6 27. exf6 Rxc2
28. Rg3 Nd7 29. Qh6 Nxf6 30. gxf6 1-0

[Event "C.to Regionale Liguria"]
[Site "Spotorno ITA"]
[Date "2016.05.13"]
[Round "1"]
[White "Durdevic, Radoslav"]
[Black "Cotugno, Michele"]
[WhiteElo "2081"]
[BlackElo "1754"]
[Result "1-0"]
[PlyCount "69"]
[EventDate "2016.05.13"]

1. e4 c5 2. Nf3 d6 3. Nc3 Nc6 4. d4 cxd4 5. Nxd4 Bd7 6. Be3 Nf6 7. h3 g6 8. Qd2
Bg7 9. Nb3 Rc8 10. f4 Na5 11. Nxa5 Qxa5 12. Bd3 Nh5 13. Nd1 Qxd2+ 14. Kxd2 a6
15. c3 O-O 16. g4 Nf6 17. Nf2 e6 18. Rhf1 d5 19. e5 Ne8 20. g5 Nc7 21. h4 Bb5
22. Be2 Rfd8 23. Bd4 Bd7 24. a4 Ne8 25. h5 Nc7 26. Rh1 Bf8 27. Rh3 b5 28. hxg6
hxg6 29. Rah1 Bg7 30. a5 Bc6 31. Ng4 Re8 32. Nf6+ Kf8 33. Bc5+ Re7 34. Rh8+
Bxh8 35. Rxh8+ 1-0

[Event "C.to Regionale Liguria"]
[Site "Spotorno ITA"]
[Date "2016.05.13"]
[Round "1"]
[White "Ivaldo, Fabrizio"]
[Black "Pesce, Leandro"]
[WhiteElo "1902"]
[BlackElo "1660"]
[Result "1/2-1/2"]
[PlyCount "81"]
[EventDate "2016.05.13"]

1. d4 Nf6 2. Nf3 d5 3. Bg5 g6 4. e3 Bg7 5. Bd3 O-O 6. Nbd2 c6 7. Ne5 Nbd7 8.
Ndf3 Nxe5 9. Nxe5 Nd7 10. f4 Nxe5 11. fxe5 f6 12. exf6 exf6 13. Bh4 Qe7 14. Qf3
Qe6 15. h3 Bh6 16. Bf2 Re8 17. O-O f5 18. Rae1 Bd7 19. Kh1 Rf8 20. Bg3 Qe7 21.
Be5 Bg7 22. Bg3 Rae8 23. Re2 Rf7 24. a3 b5 25. Be1 Qe6 26. Bd2 Ref8 27. Qg3 Rf6
28. Rf3 h6 29. Bb4 R8f7 30. Qb8+ Bc8 31. Bc5 Qd7 32. Qg3 a6 33. Bb4 Qa7 34. Qe1
Be6 35. Ba5 Qd7 36. Qd2 g5 37. Ref2 h5 38. Re2 g4 39. hxg4 hxg4 40. Rf4 Rh6+
41. Kg1 1/2-1/2

[Event "C.to Regionale Liguria"]
[Site "Spotorno ITA"]
[Date "2016.05.13"]
[Round "1"]
[White "Mandolini, Alessandro"]
[Black "Delucis, Mauro"]
[WhiteElo "1790"]
[BlackElo "1367"]
[Result "1-0"]
[PlyCount "62"]
[EventDate "2016.05.13"]

1. c4 Nf6 2. Nc3 g6 3. g3 Bg7 4. Bg2 d6 5. e3 c5 6. Nge2 Nc6 7. O-O O-O 8. d4
Re8 9. b3 e6 10. Bb2 Nd7 11. Qd2 Ne7 12. Nb5 Nf6 13. dxc5 d5 14. Nd6 Ne4 15.
Bxe4 dxe4 16. Bxg7 Kxg7 17. Nxe8+ Qxe8 18. Qd4+ f6 19. Qxe4 Nc6 20. Rfd1 e5 21.
Rd6 Bf5 22. Qd5 Rc8 23. Nc3 a6 24. Ne4 Bxe4 25. Qxe4 Rc7 26. Rad1 Re7 27. a3 f5
28. Qd5 Qb8 29. Rd7 Rxd7 30. Qxd7+ Kh6 31. Rd6 Qa7 1-0

[Event "C.to Regionale Liguria"]
[Site "Spotorno ITA"]
[Date "2016.05.13"]
[Round "1"]
[White "Mariani, Samuele"]
[Black "Baggiani, Fabio"]
[WhiteElo "1440"]
[BlackElo "1794"]
[Result "0-1"]
[PlyCount "48"]
[EventDate "2016.05.13"]

1. d4 d6 2. Nc3 Nd7 3. e4 e5 4. d5 Ngf6 5. Bg5 Be7 6. Qd2 O-O 7. O-O-O Nxd5 8.
Bxe7 Nxe7 9. f4 exf4 10. Qxf4 Ng6 11. Qe3 Nf6 12. h3 Qe7 13. Re1 a6 14. Nf3 b5
15. g4 Bb7 16. Bg2 b4 17. g5 bxc3 18. gxf6 cxb2+ 19. Kb1 Qe6 20. Re2 Nf4 21.
Rd2 Rfe8 22. Nd4 Nxg2 23. Qb3 Bxe4 24. Qxb2 Ne3 0-1

[Event "C.to Regionale Liguria"]
[Site "Spotorno ITA"]
[Date "2016.05.13"]
[Round "1"]
[White "Massimillo, Angelo"]
[Black "Giorgi, Ezio Alberto"]
[WhiteElo "1362"]
[BlackElo "1773"]
[Result "0-1"]
[PlyCount "86"]
[EventDate "2016.05.13"]

1. c4 e5 2. g3 g6 3. Bg2 Nc6 4. Nc3 Bg7 5. Nf3 f5 6. d3 Nf6 7. O-O O-O 8. Bg5
h6 9. Bd2 d6 10. Qc1 Kh7 11. a3 e4 12. Ne1 Nd4 13. Qd1 Qe7 14. e3 Nc6 15. Nd5
Nxd5 16. cxd5 Nd8 17. Bc3 Re8 18. Bxg7 Qxg7 19. Qc2 exd3 20. Nxd3 b6 21. Rfe1
Re7 22. Rac1 Ba6 23. Nb4 Bb7 24. Bf1 a5 25. Nc6 Bxc6 26. dxc6 Nf7 27. f4 Rae8
28. Kf2 Qf6 29. Qc3 Qxc3 30. Rxc3 Kg7 31. Bc4 Kf6 32. Bxf7 Kxf7 33. a4 Re4 34.
b3 Kf6 35. h4 Rh8 36. Rec1 g5 37. Rc4 Rxc4 38. Rxc4 gxh4 39. gxh4 Rg8 40. Rc1
Rg4 41. Rd1 Rxh4 42. Rxd6+ cxd6 43. Kg2 Ke7 0-1

[Event "C.to Regionale Liguria"]
[Site "Spotorno ITA"]
[Date "2016.05.13"]
[Round "1"]
[White "Mortola, Alberto"]
[Black "Storai, Ivo"]
[WhiteElo "1939"]
[BlackElo "1685"]
[Result "1-0"]
[PlyCount "23"]
[EventDate "2016.05.13"]

1. d4 d5 2. Nf3 Nf6 3. Bf4 e6 4. e3 c5 5. c3 Nbd7 6. Nbd2 Ne4 7. Nxe4 dxe4 8.
Nd2 f5 9. f3 cxd4 10. cxd4 Nf6 11. fxe4 Bb4 12. Qa4+ 1-0

[Event "C.to Regionale Liguria"]
[Site "Spotorno ITA"]
[Date "2016.05.13"]
[Round "1"]
[White "Pedemonte, Claudio"]
[Black "Brun, Dario"]
[WhiteElo "1756"]
[BlackElo "2270"]
[Result "0-1"]
[PlyCount "39"]
[EventDate "2016.05.13"]

1. c4 Nf6 2. Nc3 e5 3. g3 d5 4. cxd5 Nxd5 5. Bg2 Nb6 6. Nf3 Nc6 7. O-O Be7 8.
d3 O-O 9. Be3 f5 10. Rc1 Be6 11. b3 g5 12. Qc2 f4 13. Bxb6 cxb6 14. Ne4 g4 15.
Nfd2 Na5 16. Qd1 f3 17. exf3 gxf3 18. Nxf3 Bg4 19. Ned2 Qxd3 20. h3 0-1

[Event "C.to Regionale Liguria"]
[Site "Spotorno ITA"]
[Date "2016.05.13"]
[Round "1"]
[White "Rivara, Massimo"]
[Black "Pagliari, Lino"]
[WhiteElo "1757"]
[BlackElo "1319"]
[Result "1-0"]
[PlyCount "55"]
[EventDate "2016.05.13"]

1. e4 e5 2. Nc3 Nf6 3. Bc4 Bc5 4. d3 O-O 5. f4 d6 6. Nf3 Nc6 7. Na4 Bg4 8. Nxc5
dxc5 9. h3 Bxf3 10. Qxf3 Qd6 11. O-O Nd4 12. Qf2 Nh5 13. fxe5 Qxe5 14. c3 Ne6
15. Qf5 Qxf5 16. Rxf5 g6 17. Rf3 Rae8 18. Bh6 Neg7 19. g4 Re5 20. Raf1 Re7 21.
gxh5 gxh5 22. Rg3 Rfe8 23. Rxg7+ Kh8 24. Rgxf7 Rxf7 25. Rxf7 Rg8+ 26. Kh2 Rg6
27. Rf8+ Rg8 28. Rxg8# 1-0

[Event "C.to Regionale Liguria"]
[Site "Spotorno ITA"]
[Date "2016.05.13"]
[Round "1"]
[White "Spinelli, Alessio"]
[Black "Agazzi, Fulvio"]
[WhiteElo "1477"]
[BlackElo "1815"]
[Result "0-1"]
[PlyCount "100"]
[EventDate "2016.05.13"]

1. e4 d5 2. exd5 Qxd5 3. Nc3 Qd6 4. Nf3 Nf6 5. d3 c6 6. Be2 Bg4 7. O-O e6 8.
Ng5 Bxe2 9. Qxe2 Be7 10. Nge4 Nxe4 11. Nxe4 Qc7 12. Be3 Nd7 13. f4 Nf6 14.
Nxf6+ Bxf6 15. d4 O-O 16. f5 Rfe8 17. fxe6 Rxe6 18. Qg4 Rae8 19. Bh6 Re4 20.
Rf4 Bxd4+ 21. Kf1 Rxf4+ 22. Bxf4 Qe7 23. c3 Bf6 24. Bg3 Qe3 25. Re1 Qd3+ 26.
Kg1 Rxe1+ 27. Bxe1 Qe3+ 28. Kf1 Qe8 29. Qe2 Qxe2+ 30. Kxe2 Kf8 31. Ke3 Ke7 32.
b3 Ke6 33. Ke4 Be5 34. g3 f5+ 35. Kf3 b5 36. Bd2 Kd5 37. Ke3 g5 38. Kd3 f4 39.
gxf4 Bxf4 40. Bxf4 gxf4 41. h3 Ke5 42. a3 a5 43. h4 h5 44. Ke2 Ke4 45. Kf2 f3
46. c4 bxc4 47. bxc4 c5 48. a4 Kf4 49. Kf1 Kg3 50. Kg1 Kxh4 0-1

[Event "C.to Regionale Liguria"]
[Site "Spotorno ITA"]
[Date "2016.05.14"]
[Round "2"]
[White "Agazzi, Fulvio"]
[Black "Durdevic, Radoslav"]
[WhiteElo "1815"]
[BlackElo "2081"]
[Result "0-1"]
[PlyCount "74"]
[EventDate "2016.05.13"]

1. e4 c5 2. c3 d6 3. d4 cxd4 4. cxd4 Nf6 5. Nc3 a6 6. Nf3 e6 7. Bd3 Be7 8. O-O
b5 9. e5 dxe5 10. dxe5 Nd5 11. Nxd5 exd5 12. Nd4 Qb6 13. Be3 Qb7 14. Rc1 Bd7
15. Bf5 g6 16. e6 gxf5 17. exd7+ Qxd7 18. Qh5 a5 19. Qxf5 Qxf5 20. Nxf5 Na6 21.
Nxe7 Kxe7 22. Bd4 Rhe8 23. Rfe1+ Kd7 24. Kf1 Rac8 25. Rxc8 Rxc8 26. Ke2 Re8+
27. Kd2 Rxe1 28. Kxe1 Nb4 29. Kd2 Nxa2 30. Bb6 a4 31. Bc5 Kc6 32. Be7 d4 33.
Kd3 Kd5 34. f3 Nc1+ 35. Kd2 Nb3+ 36. Kd3 Na5 37. Bd8 Nc4 0-1

[Event "C.to Regionale Liguria"]
[Site "Spotorno ITA"]
[Date "2016.05.14"]
[Round "2"]
[White "Altieri, Danilo Mario"]
[Black "Bottini, Claudio"]
[WhiteElo "2052"]
[BlackElo "1493"]
[Result "1-0"]
[PlyCount "132"]
[EventDate "2016.05.13"]

1. c4 c5 2. g3 e6 3. Nc3 Nf6 4. Bg2 Nc6 5. d3 Be7 6. e3 b6 7. Nge2 Qc7 8. Nb5
Qb8 9. d4 Bb7 10. O-O a6 11. Nbc3 O-O 12. b3 Rd8 13. d5 Ne5 14. f4 Ng6 15. e4
e5 16. f5 Nf8 17. h3 h6 18. g4 N6h7 19. Qe1 Qd6 20. Qg3 Qf6 21. Be3 Qh4 22.
Qxh4 Bxh4 23. Na4 d6 24. Nxb6 Rab8 25. Na4 Ba8 26. Bd2 Rb7 27. Kh2 Rdb8 28. Ng1
Be7 29. Nf3 Bd8 30. Nc3 Ba5 31. h4 Bxc3 32. Bxc3 g5 33. hxg5 hxg5 34. Rf2 Nf6
35. Re2 N8h7 36. Kg3 Kg7 37. Bd2 Rg8 38. Nxg5 Nxg5 39. Bxg5 Nh7 40. Bd2 f6 41.
Rh1 Rh8 42. Bf3 Rbb8 43. Reh2 Ng5 44. Rxh8 Rxh8 45. Rxh8 Kxh8 46. Bg2 Nf7 47.
Kh4 Kg7 48. a3 Bb7 49. Bf1 Bc8 50. Bd3 Bd7 51. b4 cxb4 52. axb4 Nd8 53. g5
fxg5+ 54. Bxg5 Nb7 55. Be2 a5 56. f6+ Kf8 57. bxa5 Nxa5 58. Bd2 Nb7 59. Bb4 Be8
60. Bg4 Nc5 61. Bxc5 dxc5 62. d6 Bc6 63. d7 Bxd7 64. Bxd7 Kf7 65. Kg5 Kf8 66.
Kg6 Kg8 1-0

[Event "C.to Regionale Liguria"]
[Site "Spotorno ITA"]
[Date "2016.05.14"]
[Round "2"]
[White "Atteo, Domenico"]
[Black "Cirabisi, Federico"]
[WhiteElo "1799"]
[BlackElo "2034"]
[Result "0-1"]
[PlyCount "53"]
[EventDate "2016.05.13"]

1. e4 Nf6 2. e5 Nd5 3. d4 d6 4. Nf3 Bg4 5. Be2 c6 6. h3 Bxf3 7. Bxf3 dxe5 8. c4
Nb6 9. c5 Nd5 10. Nc3 Nxc3 11. bxc3 e6 12. O-O Nd7 13. Rb1 Qc7 14. Qa4 Be7 15.
Rxb7 Qxb7 16. Bxc6 Qc8 17. dxe5 O-O 18. Bxd7 Qxc5 19. Be3 Qc7 20. Bd4 Rfd8 21.
Bc6 Rac8 22. Bf3 Bc5 23. Rb1 Bxd4 24. cxd4 f6 25. Rd1 a5 26. Be4 Qc3 27. Rd3
0-1

[Event "C.to Regionale Liguria"]
[Site "Spotorno ITA"]
[Date "2016.05.14"]
[Round "2"]
[White "Baggiani, Fabio"]
[Black "Mortola, Alberto"]
[WhiteElo "1794"]
[BlackElo "1939"]
[Result "0-1"]
[PlyCount "82"]
[EventDate "2016.05.13"]

1. d4 Nf6 2. e3 g6 3. Bd3 Bg7 4. c4 d6 5. Nc3 Nbd7 6. f4 e5 7. Nge2 exd4 8.
exd4 O-O 9. O-O d5 10. c5 Qe7 11. f5 Nxc5 12. dxc5 Qxc5+ 13. Kh1 Ng4 14. Qe1
Ne5 15. Bb1 Re8 16. fxg6 hxg6 17. Qf2 Qxf2 18. Rxf2 Ng4 19. Rf1 d4 20. Bxg6
fxg6 21. h3 dxc3 22. Nxc3 Bxc3 23. bxc3 Ne5 24. Bf4 Bf5 25. Rfe1 Nd3 26. Rxe8+
Rxe8 27. Bxc7 Rc8 28. Bd6 Rxc3 29. Rf1 Rc1 30. Kg1 Kf7 31. Bb8 a6 32. Bd6 Ke6
33. Bf8 Kd5 34. Bh6 Rxf1+ 35. Kxf1 Kc4 36. a3 b5 37. Ke2 a5 38. Kd2 b4 39. axb4
axb4 40. g4 Be4 41. Kc2 Nf2+ 0-1

[Event "C.to Regionale Liguria"]
[Site "Spotorno ITA"]
[Date "2016.05.14"]
[Round "2"]
[White "Brun, Dario"]
[Black "Brioschi, Camillo"]
[WhiteElo "2270"]
[BlackElo "1834"]
[Result "1-0"]
[PlyCount "66"]
[EventDate "2016.05.13"]

1. d4 d5 2. c4 e6 3. Nc3 Nf6 4. Bg5 Be7 5. e3 O-O 6. Nf3 g6 7. Bh4 b6 8. Qc2
dxc4 9. Bxc4 Bb7 10. O-O-O Nbd7 11. e4 c6 12. Rhe1 b5 13. Bf1 b4 14. Na4 Qa5
15. Kb1 Rfe8 16. e5 Nd5 17. Bxe7 Rxe7 18. Nd2 N5b6 19. Nc5 Nxc5 20. dxc5 Nd7
21. Nb3 Qc7 22. f4 a5 23. Nd2 a4 24. Qc1 f5 25. g4 Ra5 26. gxf5 Nxc5 27. Nc4
Ra7 28. Nd6 Nd7 29. Bc4 Nf8 30. Qe3 Ba6 31. f6 Rg7 32. fxg7 Bxc4 33. gxf8=Q+
Kxf8 1-0

[Event "C.to Regionale Liguria"]
[Site "Spotorno ITA"]
[Date "2016.05.14"]
[Round "2"]
[White "Cotugno, Michele"]
[Black "Spinelli, Alessio"]
[WhiteElo "1754"]
[BlackElo "1477"]
[Result "1-0"]
[PlyCount "105"]
[EventDate "2016.05.13"]

1. e4 c6 2. d4 d5 3. Nc3 dxe4 4. Nxe4 Bf5 5. Ng3 Bg6 6. Bc4 e6 7. N1e2 Bd6 8.
Bf4 Nf6 9. Qd2 Ne4 10. Nxe4 Bxe4 11. O-O Qe7 12. c3 Nd7 13. Bxd6 Qxd6 14. Qf4
Qxf4 15. Nxf4 Nf6 16. Bb3 Nd5 17. Nxd5 exd5 18. Rfe1 O-O 19. f3 Bf5 20. g4 Be6
21. Re5 Rfe8 22. Rae1 Kf8 23. Bc2 g6 24. Kf2 Bd7 25. g5 Re6 26. Rxe6 Bxe6 27.
Kg3 Re8 28. Re5 Bd7 29. Kf4 Re6 30. h4 Re8 31. h5 Re6 32. hxg6 hxg6 33. Bd3 Re8
34. Rxe8+ Kxe8 35. Ke5 Ke7 36. b4 b5 37. f4 Bg4 38. Bc2 Bd7 39. a4 a6 40. axb5
axb5 41. f5 gxf5 42. Bxf5 Bxf5 43. Kxf5 Kf8 44. Kf6 Ke8 45. g6 fxg6 46. Kxg6
Ke7 47. Kg7 Ke6 48. Kf8 Kf5 49. Ke7 Ke4 50. Kd6 Kd3 51. Kxc6 Kc4 52. Kd6 Kxc3
53. Kc5 1-0

[Event "C.to Regionale Liguria"]
[Site "Spotorno ITA"]
[Date "2016.05.14"]
[Round "2"]
[White "De Renzi, Giuseppe"]
[Black "Pedemonte, Claudio"]
[WhiteElo "1523"]
[BlackElo "1756"]
[Result "0-1"]
[PlyCount "68"]
[EventDate "2016.05.13"]

1. Nf3 d6 2. d4 Nf6 3. g3 g6 4. Bg2 Bg7 5. O-O O-O 6. c4 Nbd7 7. Nc3 e5 8. dxe5
dxe5 9. Qc2 Re8 10. h3 c6 11. Bg5 Qc7 12. Rfd1 h6 13. Be3 Nb6 14. b3 Bf5 15.
Qc1 Kh7 16. g4 Bxg4 17. hxg4 Nxg4 18. Ne4 f5 19. Nc3 Qe7 20. Nh2 Nf6 21. Bxb6
axb6 22. Qe3 Nh5 23. Rac1 Nf4 24. Rc2 Qg5 25. Qg3 Qe7 26. Rdd2 Qb4 27. Qe3 Qe7
28. Nf3 Nxg2 29. Kxg2 e4 30. Rd1 exf3+ 31. Qxf3 Qg5+ 32. Kh3 Kg8 33. Na4 Re4
34. Rd4 Bxd4 0-1

[Event "C.to Regionale Liguria"]
[Site "Spotorno ITA"]
[Date "2016.05.14"]
[Round "2"]
[White "Delucis, Gabriele"]
[Black "Benvenuti, Cristian"]
[WhiteElo "1440"]
[BlackElo "1696"]
[Result "0-1"]
[PlyCount "112"]
[EventDate "2016.05.13"]

1. Nf3 Nf6 2. b3 g6 3. Bb2 Bg7 4. g3 O-O 5. Bg2 d6 6. d3 e5 7. O-O Nc6 8. c4 a6
9. Nbd2 Nh5 10. Qc2 f5 11. h3 Bd7 12. e3 a5 13. d4 e4 14. Ne1 Nb4 15. Qc1 d5
16. cxd5 Bb5 17. Nc4 Nf6 18. Qd2 Nfxd5 19. Nc2 Nxc2 20. Qxc2 Nb4 21. Qd1 Qd5
22. Qe2 Rfd8 23. Bc3 c5 24. Bxb4 axb4 25. Rfd1 cxd4 26. exd4 Bxd4 27. Rac1 Rac8
28. Bf1 Qe6 29. Qe1 Bc3 30. Rxd8+ Rxd8 31. Qe2 Rd2 32. Qe3 Rxa2 33. Qb6 Qxb6
34. Nxb6 Bxf1 35. Kxf1 Rd2 36. Na4 Bd4 37. Rc8+ Kf7 38. Rc7+ Kf6 39. Rxb7 Rxf2+
40. Ke1 Rf3 41. Rxh7 Rxb3 42. Rb7 Rxg3 43. Rxb4 Rd3 44. h4 Kg7 45. Rb7+ Kh6 46.
Nb2 Bxb2 47. Rxb2 Rh3 48. Rg2 Rxh4 49. Kf2 g5 50. Ke3 Rh3+ 51. Ke2 f4 52. Rg4
Rg3 53. Rxg3 fxg3 54. Kf1 e3 55. Ke2 g2 56. Kxe3 g1=Q+ 0-1

[Event "C.to Regionale Liguria"]
[Site "Spotorno ITA"]
[Date "2016.05.14"]
[Round "2"]
[White "Delucis, Mauro"]
[Black "Basaglia, Paolo"]
[WhiteElo "1367"]
[BlackElo "1546"]
[Result "0-1"]
[PlyCount "54"]
[EventDate "2016.05.13"]

1. Nf3 e6 2. b3 b6 3. Bb2 Bb7 4. g3 f5 5. Bg2 Nf6 6. d3 Be7 7. Nbd2 O-O 8. O-O
d6 9. Re1 Nbd7 10. c4 e5 11. Bh3 Ng4 12. e4 g6 13. Nf1 c5 14. exf5 gxf5 15. Ne3
Nxe3 16. fxe3 Qe8 17. Kh1 Qh5 18. Bg2 Nf6 19. Nd2 Ng4 20. h4 Nf2+ 21. Kg1 Nxd1
22. Bxb7 Nxb2 23. Rf1 Nxd3 24. Nf3 Qg4 25. Kh2 e4 26. Ng1 Rab8 27. Bd5+ Kg7 0-1

[Event "C.to Regionale Liguria"]
[Site "Spotorno ITA"]
[Date "2016.05.14"]
[Round "2"]
[White "Giorgi, Ezio Alberto"]
[Black "Biancotti, Alessandro"]
[WhiteElo "1773"]
[BlackElo "1864"]
[Result "1/2-1/2"]
[PlyCount "104"]
[EventDate "2016.05.13"]

1. d4 Nf6 2. c4 g6 3. Nc3 d5 4. cxd5 Nxd5 5. e3 Bg7 6. Nf3 O-O 7. Bc4 Nxc3 8.
bxc3 c5 9. O-O Nc6 10. Bb2 cxd4 11. cxd4 Bg4 12. h3 Bf5 13. Qe2 Na5 14. Bd3
Bxd3 15. Qxd3 e5 16. Rfd1 exd4 17. Bxd4 Bxd4 18. Nxd4 Rc8 19. Rac1 Qd5 20. e4
Qe5 21. Nf3 Qe7 22. Qd5 Rxc1 23. Rxc1 Nc6 24. Re1 Rd8 25. Qb5 h6 26. Qb6 Rd7
27. Qb2 Qd6 28. Qb3 Nd4 29. Nxd4 Qxd4 30. Qe3 Qxe3 31. Rxe3 Rd4 32. Re2 Kf8 33.
f3 Ke7 34. Kf2 Kd6 35. Ke3 Ra4 36. Rc2 Ra5 37. Kd4 f5 38. exf5 Rxf5 39. Ke4 b5
40. f4 a5 41. g4 Rf7 42. Rd2+ Kc5 43. f5 b4 44. Ke5 gxf5 45. gxf5 Re7+ 46. Kf6
Re3 47. Kg7 Rxh3 48. f6 Rf3 49. f7 Kc4 50. f8=Q Rxf8 51. Kxf8 a4 52. Rh2 b3
1/2-1/2

[Event "C.to Regionale Liguria"]
[Site "Spotorno ITA"]
[Date "2016.05.14"]
[Round "2"]
[White "Grasso, Gabriele"]
[Black "Mariani, Samuele"]
[WhiteElo "1720"]
[BlackElo "1440"]
[Result "1-0"]
[PlyCount "63"]
[EventDate "2016.05.13"]

1. d4 d5 2. c4 e6 3. Nc3 Nf6 4. cxd5 exd5 5. Bg5 Bb4 6. Qc2 O-O 7. e3 Re8 8.
Bd3 Qd7 9. Bxf6 gxf6 10. Bxh7+ Kf8 11. Bd3 c5 12. dxc5 d4 13. a3 Bxc3+ 14. bxc3
dxe3 15. O-O-O Qe7 16. Bb5 Nc6 17. Rd6 Rb8 18. Nf3 exf2 19. Qxf2 Qe3+ 20. Qxe3
Rxe3 21. Kd2 Re7 22. Re1 Rxe1 23. Kxe1 Be6 24. Bxc6 bxc6 25. Rxc6 Rb1+ 26. Kf2
Rb2+ 27. Kg3 Kg7 28. Nd4 Bd5 29. Nf5+ Kh7 30. Rxf6 Rxg2+ 31. Kh3 Rf2 32. Rh6+
1-0

[Event "C.to Regionale Liguria"]
[Site "Spotorno ITA"]
[Date "2016.05.14"]
[Round "2"]
[White "Mercandelli, Claudio"]
[Black "Ivaldo, Fabrizio"]
[WhiteElo "1910"]
[BlackElo "1902"]
[Result "1/2-1/2"]
[PlyCount "60"]
[EventDate "2016.05.13"]

1. Nf3 f5 2. c4 Nf6 3. Nc3 g6 4. d3 Bg7 5. e4 d6 6. Be2 O-O 7. O-O a5 8. Rb1
Na6 9. Ne1 Nc5 10. Bf3 c6 11. Nc2 fxe4 12. Nxe4 Nfxe4 13. dxe4 e5 14. Be3 Ne6
15. Bg4 Qe7 16. b3 Rf7 17. Qd2 a4 18. Bxe6 Bxe6 19. Nb4 Qc7 20. Rfd1 Rd7 21.
Rbc1 Qa5 22. Rc2 Bf8 23. Nd3 Qxd2 24. Rcxd2 axb3 25. axb3 Ra3 26. Nc1 Ra5 27.
Rd3 b5 28. Bd2 bxc4 29. Bxa5 cxd3 30. Rxd3 Rb7 1/2-1/2